On This Day: August 15th II Quiz Stats

 Plays Quiz Updated Aug 15, 2018

Score 0/7 Timer 03:00
0 Plays Today
Question Answer Wrong Answers
The ______ Music & Art Fair opens in upstate New York, featuring some of the top rock musicians of the era.
1969
Woodstock
97.4%
Woodburn
0.8%
Woodland
1.1%
Woodinville
0.3%
This American actress, who starred as Katniss Everdeen in the ‘Hunger Games’ film series, is born.
1990
Jennifer Lawrence
86.8%
Emma Stone
3.6%
Amy Adams
1.6%
Kristen Stewart
7%
This Spanish dance song by Los del Río, which became an international hit during the mid-1990s, is released in the United States.
1995
Macarena
83.5%
Mambo No. 5
8.4%
Bailando
0.8%
Livin' la Vida Loca
6.3%
This American war film, directed by Francis Ford Coppola and starring Marlon Brando, Robert Duvall, and Martin Sheen, is released.
1979
Apocalypse Now
77.6%
Platoon
8.7%
Full Metal Jacket
4.5%
The Deer Hunter
8.4%
Alfredo Stroessner becomes President of ______, beginning a 35-year-long dictatorship that is largely supported by the United States.
1954
Paraguay
65.6%
Mexico
9.2%
Brazil
19.4%
Cuba
5.7%
The Republic of Korea is established south of the ______ parallel north.
1948
38th
61.5%
43rd
13.9%
33rd
6.1%
48th
18.4%
Bahrain gains independence from this nation.
1971
United Kingdom
51.6%
Turkey
9.2%
Iran
18.3%
France
20.4%

You're not logged in!

Compare scores with friends on all Sporcle quizzes.
OR
Log In

Sporcle TV

Today on Sporcle TV


Watch our educational content, quiz creation guides, and fun videos on Sporcle TV.

Show Comments

Extras

Top Quizzes Today


Score Distribution

Your Account Isn't Verified!

In order to create a playlist on Sporcle, you need to verify the email address you used during registration. Go to your Sporcle Settings to finish the process.

Report this User

Report this user for behavior that violates our Community Guidelines.

Details: